000 00491nam a2200193Ia 4500
008 160216s9999 xx 000 0 und d
050 _aFIL QA 76.5
050 _b.E87 2004
245 _aEssentials of computers :
245 _bintroduction to computers /
245 _cNamy B. Garcia… [et al]
260 _aAngeles City :
260 _bBook Choice Pub. House Inc.,
260 _c2004
300 _a234 pages :
300 _bill. ;
300 _c23 cm.
650 _aComputers.
999 _c290951
_d290951